000
00333nam a22001457a 4500
008
210226b ||||| |||| 00| 0 eng d
020
_a
9780495011484
041
_a
eng
080
_2
6th
_a
521
082
_a
521
100
_a
42
101
_a
AST
245
_a
Physical Geology Exploring the Earth
_c
Monroe, J. S
942
_2
udc
_c
BK
999
_c
55263
_d
55263